00462nam a2200157Ia 45000010005000000080041000050200014000460400013000600820020000731000021000932450106001142600040002203000011002605460007002717000026002781254140313s9999 xx 000 0 und d a890041164 cPK-LaUMT a 616.994bRUS-P aBrian G. M.Durie aPolyamines as biochemical markers of normal and malignant grcBrian G. M.Durie<>Diane Haddock Russell aNew York, USA:bRaven Press,c1978. a178 p. aEN aDiane Haddock Russell